Statistics for Countries With The Most European People

Click here to take the quiz!

General Stats

  • This quiz has been taken 67 times
  • The average score is 36 of 40

Answer Stats

EUCountry% Correct
110,1 milRussia
100%
58,1 milUnited Kingdom
100%
58,4 milFrance
98%
66,3 milGermany
98%
52,6 milItaly
98%
41,1 milUkraine
98%
39,3 milArgentina
97%
37,7 milPoland
97%
41,2 milSpain
97%
201,8 milUnited States
97%
23,2 milAustralia
95%
103,3 milBrazil
95%
10,2 milSweden
95%
25,3 milCanada
93%
11,4 milMexico
93%
5,2 milNorway
93%
11,7 milTurkey
93%
10,9 milBelgium
92%
5,5 milFinland
92%
10,1 milGreece
92%
15,1 milNetherlands
92%
9,7 milPortugal
92%
19,0 milRomania
90%
5,4 milSlovakia
90%
8,9 milAustria
89%
4,9 milIreland
89%
19,4 milColombia
87%
10,5 milCzech Republic
87%
5,6 milDenmark
87%
9,6 milHungary
87%
6,6 milSerbia
85%
8,4 milSwitzerland
85%
9,2 milBelarus
84%
10,0 milChile
84%
3,7 milCroatia
82%
6,4 milBulgaria
80%
13,6 milVenezuela
72%
2,9 milLithuania
70%
4,5 milSouth Africa
70%
3,1 milUruguay
70%

Score Distribution

Percentile by Number Answered

Percent of People with Each Score

Your Score History

You have not taken this quiz